000
00315nam a22001457a 4500
008
230907b ||||| |||| 00| 0 eng d
020
_a
9780062509802
041
_a
eng
080
_a
101
082
_a
101WOL
100
_a
44
101
_a
FILO
245
_a
TAKING THE QUANTUM LEAP
_c
WOLF.A.F
942
_2
udc
_c
BK
999
_c
60272
_d
60272